Bán gì thì bán chứ đừng bán hàng

Bàn về các kỹ năng bán hàng, vửa giúp giữ chân, phát triển khách hàng hiệu quả vừa có doanh thu cao

Sparad:
Bibliografiska uppgifter
Institutionell upphovsman: Alpha Books
Materialtyp: Bok
Språk:Undetermined
Publicerad: Hà Nội Lao động - Xã hội 2014
Ämnen:
Taggar: Lägg till en tagg
Inga taggar, Lägg till första taggen!
Thư viện lưu trữ: Trung tâm Học liệu Trường Đại học Cần Thơ
LEADER 00721nam a2200205Ia 4500
001 CTU_196711
008 210402s9999 xx 000 0 und d
020 |c 59000 
082 |a 658.81 
082 |b A456 
110 |a Alpha Books 
245 0 |a Bán gì thì bán chứ đừng bán hàng 
245 0 |c Alpha Book 
260 |a Hà Nội 
260 |b Lao động - Xã hội 
260 |c 2014 
520 |a Bàn về các kỹ năng bán hàng, vửa giúp giữ chân, phát triển khách hàng hiệu quả vừa có doanh thu cao 
650 |a Sales management,Quản trị bán hàng 
904 |i Nguyên 
980 |a Trung tâm Học liệu Trường Đại học Cần Thơ